logo

Bir Sreshtho Munshi Abdur Rouf Library
Jhenaidah Cadet College

নন্দনতত্ত্ব-জিজ্ঞাসা / (Record no. 10382)

MARC details
000 -LEADER
fixed length control field 00722nam a2200205 a 4500
003 - CONTROL NUMBER IDENTIFIER
JCCL marc code BD-JhCC
005 - DATE AND TIME OF LATEST TRANSACTION
control field 20190617134007.0
008 - FIXED-LENGTH DATA ELEMENTS--GENERAL INFORMATION
fixed length control field 180425s2002 ii |||| ||a| 000 0 ben d
035 ## - SYSTEM CONTROL NUMBER
system control number (BD-JhCC)
040 ## - CATALOGING SOURCE
Original cataloging agency BD-JhCC
Modifying agency BD-JhCC
041 ## - LANGUAGE CODE
Language code of Book ben
082 ## - DEWEY DECIMAL CLASSIFICATION NUMBER
Classification number 891.4409
Author mark and Year NAN 2002
245 ## - TITLE STATEMENT
Title নন্দনতত্ত্ব-জিজ্ঞাসা /
Statement of responsibility, etc তরুন মুখোপাধ্যায় (সম্পাদিত)
260 ## - PUBLICATION, DISTRIBUTION, ETC. (IMPRINT)
Place of publication, distribution, etc কলকাতা :
Name of publisher, distributor, etc দে’জ পাবলিশিং,
Date of publication, distribution, etc 2002
300 ## - PHYSICAL DESCRIPTION
Pagination 416 p. :
Dimensions 22 cm.
650 ## - SUBJECT ADDED ENTRY--TOPICAL TERM
Topical term or geographic name as entry element Bengali Literature
700 ## - ADDED ENTRY--PERSONAL NAME
Personal name মুখোপাধ্যায়, তরুন (সম্পাদিত)
942 ## - ADDED ENTRY ELEMENTS (KOHA)
Source of classification or shelving scheme Dewey Decimal Classification
Koha item type Books
Koha issues (borrowed), all copies 2
Holdings
Source of classification or shelving scheme Damaged status Not for loan Home library Current library Shelving location Date of accession Cost, normal purchase price Total Checkouts Full call number Barcode Date last seen Date checked out Copy number Koha item type
Dewey Decimal Classification     JCC Rouf Library JCC Rouf Library General Stacks 04/25/2018 300.00 2 891.4409 NAN 2002 13696 08/01/2024 07/04/2024 C-1 Books

JCC Library | Contacts | JCC Home

Last Update on 23 September 2017
Copyright @ 2017-2020 JCC Rouf Library
Rouf Library, Jhenidah Cadet College (JCC), Bangladesh